000
00245nam a2200121Ia 4500
003
LDD
040
_c
LDD
041
_a
en
245
0
_a
Social Research to be entered
260
_c
1 Jul-31 Dec,2006
362
_a
73-73
_b
03-Apr
942
_2
ddc
_c
J
999
_c
179695
_d
179695